MARC

LEADER 00000nam0a2200000 4500
001 53822
005 20231031045904.0
035 |a (RuTPU)RU\TPU\book\56419 
090 |a 53822 
100 |a 20030624d1966 km y0rusy50 ca 
101 0 |a rus 
102 |a RU 
105 |a a z 001zy 
200 1 |a Основы расчетов радиотехнических цепей  |a Линейные цепи при гармонических воздействиях  |f А. М. Заездный 
210 |a Москва  |c Связь  |d 1966 
215 |a 368 с.  |c ил. 
320 |a Библиогр.: с. 368 
610 1 |a радиотехника 
610 1 |a радиотехнические цепи 
610 1 |a расчеты 
610 1 |a линейные цепи 
610 1 |a гармонические воздействия 
610 1 |a четырехполюсники 
610 1 |a электрические фильтры 
610 1 |a двухполюсники 
610 1 |a графы 
610 1 |a задачи 
610 1 |a решения 
610 1 |a практические пособия 
610 1 |a теория 
610 1 |a учебные пособия 
675 |a 621.372  |v 3 
700 1 |a Заездный  |b А. М.  |g Александр Михайлович 
801 1 |a RU  |b 63413507  |c 20030624  |g PSBO 
801 2 |a RU  |b 63413507  |c 20220314  |g PSBO 
942 |c BK